Statystyki dla Mistrzowie Europejskich lig piłkarskich w sezonie 2018/2019

Kliknij tutaj aby rozwiązać quiz!

Ogólne statystyki

  • Ten quiz został rozwiązany 468 razy
  • Średni wynik to 12 z 15

Statystyki odpowiedzi

KrajMistrz% Poprawnych
NiemcyBayern Monachium
99%
WłochyJuventus
99%
FrancjaPSG
99%
AngliaManchester City
97%
HolandiaAjax
96%
HiszpaniaFC Barcelona
95%
PortugaliaBenfica
89%
PolskaPiast Gliwice
89%
SzkocjaCeltic
86%
ChorwacjaDinamo Zagrzeb
74%
RosjaZenit
72%
UkrainaSzachtar Donieck
66%
BelgiaGenk
65%
SzwajcariaYoung Boys
65%
GrecjaPaok
57%

Rozkład punktacji

Percentyl według liczby udzielonych odpowiedzi

Procent ludzi z każdym wynikiem

Twoja historia wyników

Nie rozwiązałeś tego quizu